000
00325nam a2200133 a 4500
005
20140513081051.0
008
020606s19uu xx 00 eng d
050
_a
P 796.54
_b
KEE
245
_a
Keeping warm around the campfire.
300
_a
Poster
440
_a
Holt Science
650
_a
Science--Posters
999
_c
116336
_d
116336